ARRUPE JESUIT UNIVERSITY

CORONAVIRUS -STOP THE SPREAD - CLEAN,DISINFECT,COVER

Humanism and the social order in Tudor England. (Record no. 2330)

MARC details
000 -LEADER
fixed length control field 00898cam a22002771 4500
001 - CONTROL NUMBER
control field 10260730
005 - DATE AND TIME OF LATEST TRANSACTION
control field 20170703103249.0
008 - FIXED-LENGTH DATA ELEMENTS--GENERAL INFORMATION
fixed length control field 750630s1954 ilu b 000 0 eng
010 ## - LIBRARY OF CONGRESS CONTROL NUMBER
LC control number 54012562
015 ## - NATIONAL BIBLIOGRAPHY NUMBER
National bibliography number GB55-3437
035 ## - SYSTEM CONTROL NUMBER
System control number (OCoLC)1421731
040 ## - CATALOGING SOURCE
Original cataloging agency DLC
Transcribing agency OTU
Modifying agency OCoLC
-- Uk
-- DLC
050 00 - LIBRARY OF CONGRESS CALL NUMBER
Classification number B778
Item number .C35
082 ## - DEWEY DECIMAL CLASSIFICATION NUMBER
Classification number 144
100 1# - MAIN ENTRY--PERSONAL NAME
Personal name Caspari, Fritz,
Dates associated with a name 1914-2010.
9 (RLIN) 32705
245 10 - TITLE STATEMENT
Title Humanism and the social order in Tudor England.
260 ## - PUBLICATION, DISTRIBUTION, ETC. (IMPRINT)
Place of publication, distribution, etc [Chicago]
Name of publisher, distributor, etc University of Chicago Press
Date of publication, distribution, etc [1954]
300 ## - PHYSICAL DESCRIPTION
Extent ix, 292 p.
Dimensions 24 cm.
504 ## - BIBLIOGRAPHY, ETC. NOTE
Bibliography, etc Bibliographical references included in "Notes" (p. 209-288)
650 #0 - SUBJECT ADDED ENTRY--TOPICAL TERM
Topical term or geographic name as entry element Humanism.
9 (RLIN) 32709
650 #0 - SUBJECT ADDED ENTRY--TOPICAL TERM
Topical term or geographic name as entry element Philosophy, English
Chronological subdivision 16th century.
9 (RLIN) 32707
651 #0 - SUBJECT ADDED ENTRY--GEOGRAPHIC NAME
Geographic name England
General subdivision Social conditions
Chronological subdivision 16th century.
9 (RLIN) 32708
906 ## - LOCAL DATA ELEMENT F, LDF (RLIN)
a 7
b cbc
c oclcrpl
d u
e ncip
f 19
g y-gencatlg
942 ## - ADDED ENTRY ELEMENTS (KOHA)
Source of classification or shelving scheme Library of Congress Classification
Item type Monograph ( Printed materials)
Holdings
Withdrawn status Lost status Source of classification or shelving scheme Damaged status Not for loan Collection code Home library Current library Shelving location Date acquired Total Checkouts Full call number Barcode Date last seen Copy number Price effective from Koha item type
    Library of Congress Classification     Main Collection ARRUPE LIBRARY ARRUPE LIBRARY   27/02/2013   B778.C35 1954 46403267 27/02/2013 1 27/02/2013 Monograph ( Printed materials)

 

Arrupe Library. PO Box MP320 Mt Pleasant, Harare, Zimbabwe
263 242 745411|librarian@aju.ac.zw